000 00867nam a22002777a 4500
001 BR2015006600
003 BR-BrBNA
005 20230928104745.0
007 ta
008 230509b bl.||||| |||| 00| 0 por d
040 _aBR-BrBNA
_bpor
_cBiblioteca Nacional de Agricultura
041 _a(Por)
072 _aL74
_b8830
090 _ 8830 BR2015006600
100 1 _aLavor, M.S.L. de
110 1 _aUniversidade Federal de Minas Gerais, MG (Brasil)
_0Tese (Doutorado em Ciência Animal)
_910869
245 1 _aEfeito do etomidato na isquemia e no trauma medular agudo em ratos
260 3 _aBelo Horizonte, MG (Brasil):
_c2013.
300 _a146 p.
500 _aSummaries (Eng, Por); Bibliography p.125-142; 47 illus.; 10 tables
650 _aSISTEMA NERVOSO
650 _aLESAO
650 _aRATO
909 _a202309
_bLucia
_c55
_dLucia Elande
942 _cBK
999 _c81591
_d81591